Fuel for thought (Record no. 76346)
[ view plain ]
| 000 -LEADER | |
|---|---|
| fixed length control field | 01211cab a2200181 4500 |
| 001 - CONTROL NUMBER | |
| control field | ##L132173 |
| 008 - FIXED-LENGTH DATA ELEMENTS--GENERAL INFORMATION | |
| fixed length control field | 060117n2006 000 0 eng u |
| 035 ## - SYSTEM CONTROL NUMBER | |
| System control number | (Sirsi) u132173 |
| 041 0# - LANGUAGE CODE | |
| Language code of text/sound track or separate title | eng |
| 100 1# - MAIN ENTRY--PERSONAL NAME | |
| Personal name | Blyth, Alex |
| 245 00 - TITLE STATEMENT | |
| Title | Fuel for thought |
| 260 ## - PUBLICATION, DISTRIBUTION, ETC. | |
| Date of publication, distribution, etc. | 2006 |
| 490 #0 - SERIES STATEMENT | |
| Series statement | Accountancy |
| Volume/sequential designation | 137(1349) January 2006, 52-53(2) |
| 520 ## - SUMMARY, ETC. | |
| Summary, etc. | Evidence shows that energy prices have doubled in the past 18 months, and British companies are suffering losses of around £1bn a year through failure to manage the energy buying process properly. The article suggests that the main reason for price increases is that global market for oil and gas has become increasingly competitive over the past three years. Legislation is also argued to have boosted prices in the UK. The process of companies achieving the best costs is evaluated by analysing bills and getting the best possible contract. Advice is also given as to ways in which consumption can be reduced via the use of energy saving light bulbs and new technologies available to help companies condense their energy spending. |
| 590 ## - LOCAL NOTE (RLIN) | |
| Local note | IKA170106 |
| 690 ## - LOCAL SUBJECT ADDED ENTRY--TOPICAL TERM (OCLC, RLIN) | |
| Topical term or geographic name as entry element | ENVIRONMENTAL AND LAND CONSULTANCY-ENERGY-ENERGY USE-ENERGY EFFICIENCY |
| 942 ## - ADDED ENTRY ELEMENTS (KOHA) | |
| Suppress in OPAC | 0 |
| Withdrawn status | Lost status | Source of classification or shelving scheme | Damaged status | Not for loan | Home library | Current library | Shelving location | Date acquired | Total Checkouts | Full call number | Barcode | Date last seen | Copy number | Price effective from | Koha item type |
|---|---|---|---|---|---|---|---|---|---|---|---|---|---|---|---|
| Dewey Decimal Classification | London | London | Journal article | 17/01/2006 | L132173 | 132173-1001 | 06/08/2019 | 1 | 06/08/2019 | Journal article |